Investičné certifikáty Nová generácia moderných finančných produktov

Burzový vývoj v posledných rokoch ukázal mnohým investorom, čo znamená zodpovedné investovanie - nestavať výlučne na rastúce kurzy, ale primeraným spôsobom prispôsobiť očakávané výnosy a riziká nielen trhovým náladám, ale aj individuálnym cieľom a prianiam. Členenie moderných štruktúrovaných produkt...

Descrizione completa

Salvato in:
Dettagli Bibliografici
Autore principale: Barri, Ivan
Natura: Capitolo di libro
Lingua:slovacco
Soggetti:
Tags: Aggiungi Tag
Nessun Tag, puoi essere il primo ad aggiungerne!!

MARC

LEADER 00000naa$a2200000$$$4500
001 0039654
005 20231019082922.6
041 0 |a slo 
044 |a SK 
245 1 0 |a Investičné certifikáty  |b Nová generácia moderných finančných produktov  |c Ivan Barri 
520 |a Burzový vývoj v posledných rokoch ukázal mnohým investorom, čo znamená zodpovedné investovanie - nestavať výlučne na rastúce kurzy, ale primeraným spôsobom prispôsobiť očakávané výnosy a riziká nielen trhovým náladám, ale aj individuálnym cieľom a prianiam. Členenie moderných štruktúrovaných produktov. Pojem certifikáty a indexové certifikáty. Trh s investičnými certifikátmi. Basket certifikáty. Strategické, tematické a garantované certifikáty. Discount certifikáty. 
610 2 0 |a certifikáty investičné 
610 2 0 |a investori 
610 2 0 |a investovanie 
610 2 0 |a investovanie obozretné 
610 2 0 |a nástroje finančné 
610 2 0 |a úpisy dlžobné 
610 2 0 |a trh finančný 
610 2 0 |a burzy 
610 2 0 |a akcie 
610 2 0 |a emitenti 
100 1 |a Barri, Ivan